Detalles MARC
| 000 -LIDER |
| fixed length control field |
01737nam a2200325 a 4500 |
| 001 - NÚMERO DE CONTROL |
| Identificador de número de control |
000021890 |
| 003 - IDENTIFICACDOR DE NÚMERO DE CONTROL |
| control field |
000021890 |
| 005 - DATE AND TIME OF LATEST TRANSACTION |
| control field |
20230215103405.0 |
| 008 - ELEMENTOS DE LONGITUD FIJA |
| fixed length control field |
100914s2017 dr 000 0 spa d |
| 020 ## - ISBN |
| International Standard Book Number |
9789945503050 |
| 040 ## - FUENTE DE CATALOGACIÓN |
| Agencia que crea de manera original el registro |
BPMSU |
| Idioma de catalogación |
spa |
| Agencia que realiza la transcripción |
BPMSU |
| 082 ## - NÚMERO DE CLASIFICACIÓN DECIMAL DE DEWEY |
| Classification number |
972.93 |
| Item number |
G216d 2017 |
| Edition number |
22 |
| 100 1# - ASIENTO PRINCIPAL -- NOMBRE PERSONAL |
| Nombre personal |
García Godoy, Federico, |
| Fechas asociadas con el nombre |
1857-1924 |
| 245 13 - MENCIÓN DE TITULO |
| Título |
El derrumbe / |
| Mención de responsabilidad |
Federico García Godoy ; prólogo de Pura Emeterio Rondón |
| 260 ## - PUBLICACIÓN, DISTRIBUCIÓN, ETC. (PIE DE IMPRENTA) |
| Lugar de publicación, distribución, etc |
Santo Domingo : |
| Nombre del editor, distribuidor, etc. |
Ministerio de Cultura, |
| Fecha de publicación, distribución, etc |
2017 |
| 300 ## - DESCRIPCIÓN FÍSICA |
| Extensión |
185 p. ; |
| Dimensiones |
20 cm. |
| 490 1# - MENCIÓN DE SERIES |
| Mención de serie |
Biblioteca dominicana básica |
| -- |
Ensayo |
| Volume/sequential designation |
1 |
| 490 1# - MENCIÓN DE SERIES |
| Mención de serie |
Historia y Sociedad |
| Volume/sequential designation |
16 |
| 500 ## - NOTA GENERAL |
| Materiales especificados |
Incluye datos biográficos del autor en la solapa de la cubierta |
| 505 ## - NOTA DE CONTENIDO |
| Texto normalizado de contenido |
Presentación página, -- El derrumbe de Federico García Godoy, Jaime Domínguez -- Prólogo, Juan Bosch, <br/> -- Historia de un libro -- El derrumbe -- Frontis -- Deficiencias del medio -- Reformas -- Actuación histórica -- Ramón Cáceres -- La Convención -- Previsiones patrióticas (La sociedad nacionalista "Patria") -- La Victoria -- Monseñor Nouel -- José Bordas Valdés -- El Plan Wilson -- La Escisión -- Patriotismo y patriotas -- La invasión -- Punto final -- Publicaciones de la Comisión Permanente de Efemérides Patrias 2004-2010. |
| 590 ## - NOTA LOCAL |
| Enlace |
Inventariado, 2021/VM |
| 651 #4 - ENCABEZAMIENTO DE MATERIA--NOMBRE GEOGRÁFICO |
| Nombre geográfico |
República Dominicana |
| Subdivisión temática general |
Historia |
| Subdivisión cronológica |
1844 1930. |
| 651 #4 - ENCABEZAMIENTO DE MATERIA--NOMBRE GEOGRÁFICO |
| Nombre geográfico |
República Dominicana |
| Subdivisión temática general |
Historia |
| Subdivisión cronológica |
Ocupación Norteamericana, 1916-1924 |
| 700 1# - ASIENTO SECUNDARIO -- NOMBRE PERSONAL |
| Nombre personal |
Emeterio Rondón, Pura |
| Mención de responsabilidad |
pról. |
| 710 2# - ASIENTO SECUNDARIO -- NOMBRE CORPORATIVO |
| Nombre corporativo o de jurisdicción |
Ministerio de Cultura (República Dominicana) |
| 910 ## - VALIDACIÓN |
| Validación |
VMateo V./Validado control de calidad |
| 942 ## - ADDED ENTRY ELEMENTS (KOHA) |
| Source of classification or shelving scheme |
Dewey Decimal Classification |
| Koha item type |
Libros |
| 945 ## - INFORMACIÓN DE PROCESAMIENTO LOCAL |
| Información de procesamiento local |
Inventariado / 2017 VM |
| 956 ## - LOCAL ELECTRONIC LOCATION AND ACCESS (OCLC) |
| Nombre de host |
VMATEO |
| Número de acceso |
10 |
| Información de compresión |
20110329 |
| Inicio de sesión |
BPMSU |
| Procesador de solicitud |
0069 |